| 000 | 01078cam a2200253 i 4500 | ||
|---|---|---|---|
| 003 | SA-RiAUC | ||
| 005 | 20250115061611.0 | ||
| 008 | 250115s1994 mr g f00010 ara d | ||
| 040 |
_aIMAM _bara _cSA-RiAUC _erda |
||
| 043 | _af-mr--- | ||
| 082 | 0 | 4 | _a370.964 |
| 090 |
_a370.964 _bخ ل ي |
||
| 100 | 1 |
_aخليفة، إدريس، _d1941- _eمؤلف. |
|
| 245 | 1 | 2 |
_aالحركة العلمية والثقافية بتطوان من الحماية إلى الاستقلال (1331-1376هـ) (1912-1956 م). _nالجزء الأول / _cإعداد إدريس خليفة. |
| 264 | 1 |
_aالرباط : _bوزارة الأوقاف والشؤون الإسلامية، _c1994 |
|
| 300 |
_a2 مجلد ؛ _c24 سم |
||
| 336 |
_aنص _btxt _2rdacontent _3كتاب |
||
| 337 |
_aبدون وسيط _bn _2rdamedia |
||
| 338 |
_aمجلد _bnc _2rdacarrier |
||
| 650 | 7 |
_aالثقافة العربية _zالمغرب _2aucsh |
|
| 651 | 7 |
_aتطوان (المغرب) _xتاريخ _yالاحتلال الفرنسي، 1912-1956 _2aucsh |
|
| 942 |
_2ddc _cBOOK |
||
| 949 |
_aSA-JeALM _d250115 _ukhaled123 _n1 |
||
| 999 |
_c4805 _d4805 |
||